[Event "GER-chT Youth Countries 2018"]
[Site "Wurzburg"]
[Date "2018.10.04"]
[Round "3"]
[White "Muckle, Julius"]
[Black "Kuznecovs, Nikita"]
[Result "1-0"]
[WhiteElo "2348"]
[BlackElo "2226"]
[Annotator "NA"]
[PlyCount "107"]
[EventDate "2018.10.03"]
[EventType "team-tourn"]
[EventCountry "GER"]
[SourceTitle "playchess.com"]
[Source "ChessBase"]
[SourceQuality "1"]
[TimeControl "40/5400+30:1800+30"]

1. d4 {[%emt 0:00:00] Sagar Shah} Nf6 {[%emt 0:00:00]} 2. c4 {[%emt 0:00:00]} e6 {[%emt 0:00:00]} 3. Nc3 {[%emt 0:00:00]} Bb4 {[%emt 0:00:00]} 4. e3 {[%emt 0:00:00]} O-O {[%emt 0:00:00]} 5. Bd3 {[%emt 0:00:00]} c5 {[%emt 0:00:04]} 6. Nf3 {[%emt 0:00:00]} b6 {[%emt 0:00:05]} 7. O-O {[%emt 0:00:01]} Bb7 {[%emt 0:00:05]} 8. a3 {[%emt 0:04:29]} Bxc3 {[%emt 0:00:06]} 9. bxc3 {[%emt 0:00:02]} d6 {[%emt 0:03:36]} 10. Qc2 {[%emt 0:03:45]} Bxf3 {[%emt 0:24:39] E43: Nimzo-Indian: Rubinstein: 4...b6} 11. gxf3 {[%emt 0:00:01]} e5 {[%emt 0:00:07]} 12. a4 $146 {[%emt 0:09:45]} ({Predecessor:} 12. d5 Re8 13. a4 a5 14. Kg2 Nbd7 15. Bd2 Nf8 16. Rh1 Nh5 17. Rag1 Qf6 18. Bf5 {0-1 (64) Gevorgyan,D (2374)-Kryvoruchko,Y (2697) Abu Dhabi 2015 EXT 2016 [Sagar Shah]}) 12... h6 {[%emt 0:22:29]} 13. a5 {[%emt 0:01:01]} cxd4 {[%emt 0:01:41]} 14. axb6 {[%emt 0:01:25]} Qxb6 {[%emt 0:00:05]} 15. Rb1 {[%emt 0:00:32]} Qc6 {[%emt 0:00:33]} 16. cxd4 {[%emt 0:01:02]} Qxf3 {[%emt 0:03:00]} 17. Be2 {[%emt 0:05:16]} Qc6 {[%emt 0:00:47]} 18. f4 {[%emt 0:08:17]} e4 {[%emt 0:15:29]} 19. Ba3 {[%emt 0:07:15]} Rc8 {[%emt 0:04:54]} 20. Qd2 {[%emt 0:08:11]} Nbd7 {[%emt 0:06:01]} 21. Qb4 {[%emt 0:02:52]} Nb6 {[%emt 0:02:56]} 22. Rfc1 {[%emt 0:02:49]} Qd7 {[%emt 0:00:22]} 23. Kg2 {[%emt 0:03:46]} d5 {[%emt 0:00:26]} 24. c5 {[%emt 0:06:00] [#]} Nc4 $1 {[%emt 0:00:06]} 25. Rb3 {[%emt 0:03:09] [#]} Rab8 $1 {[%emt 0:12:40]} 26. Qxb8 {[%emt 0:02:59]} Rxb8 {[%emt 0:00:02]} (26... Nxe3+ $19 27. Kh1 Rxb8 28. Rxb8+ Kh7) 27. Rxb8+ {[%emt 0:00:12]} Kh7 {[%emt 0:00:04]} 28. Rb3 {[%emt 0:00:27]} g5 {[%emt 0:01:22]} 29. fxg5 {[%emt 0:00:54] [#]} Ng4 $1 {[%emt 0:00:58]} ({Less strong is} 29... hxg5 30. Rf1 $15) 30. g6+ {[%emt 0:02:42]} Kxg6 {[%emt 0:01:06]} ({Not} 30... fxg6 31. Rcb1 $15) 31. Rg1 {[%emt 0:07:56]} Kh7 $2 {[%emt 0:00:14]} ({Black should try} 31... Ncxe3+ $19 32. Kh3 Kh7 33. Rxg4 (33. Bxg4 $2 Nxg4 34. Kg3 h5 $19) 33... Nxg4 34. Bxg4 f5) 32. Bc1 $1 {[%emt 0:00:22]} Qf5 {[%emt 0:00:35]} (32... h5 $17) 33. Rf1 {[%emt 0:00:59]} Qh5 {[%emt 0:01:19]} 34. h3 {[%emt 0:02:17] [#]} (34. Bxg4 $1 $11 {and White is okay.} Qxg4+ 35. Kh1) 34... Ngxe3+ $1 {[%emt 0:00:19]} 35. Rxe3 {[%emt 0:00:10]} Nxe3+ {[%emt 0:00:03]} 36. Kf2 {[%emt 0:00:05]} Qxh3 $2 {[%emt 0:01:15]} (36... Qf5+ $19 37. Kxe3 Qxh3+ 38. Kf2 Qh2+ 39. Ke1 Qg3+ 40. Kd2 Qb3 $17 41. Rxf7+ Kg6 42. Rxa7 e3+ 43. Ke1 Qc3+ 44. Kd1 Qxd4+ 45. Ke1 Qxc5 46. Ra6+ Kg5) 37. Bxe3 {[%emt 0:00:07]} f5 {[%emt 0:00:20]} 38. c6 {[%emt 0:00:47]} f4 $2 {[%emt 0:00:40]} (38... Qh2+ $11 {and Black stays safe.} 39. Ke1 Qg3+ 40. Kd2 Qc7) 39. Bxf4 {[%emt 0:00:13]} Qh4+ {[%emt 0:00:31]} 40. Ke3 {[%emt 0:00:24]} Qh3+ {[%emt 0:00:18]} 41. Kd2 {[%emt 0:35:05]} Qa3 {[%emt 0:08:44] [#]} 42. Rc1 $1 {[%emt 0:00:00]} Qb4+ {[%emt 0:01:57]} 43. Ke3 {[%emt 0:00:00]} Qa3+ {[%emt 0:00:03]} 44. Kf2 {[%emt 0:00:00]} Qf8 {[%emt 0:00:03] [#]} 45. Kg3 $1 {[%emt 0:00:00]} Qa3+ {[%emt 0:04:29]} 46. Kg2 {[%emt 0:00:00]} e3 {[%emt 0:06:54]} 47. Rg1 {[%emt 0:00:00]} Qb2 $18 {[%emt 0:02:30]} 48. Kf3 {[%emt 0:00:00]} Qxd4 {[%emt 0:00:18]} 49. c7 {[%emt 0:00:00]} Qe4+ {[%emt 0:02:10]} 50. Kg3 {[%emt 0:00:00]} Qc2 {[%emt 0:02:31]} 51. Bd3+ {[%emt 0:00:00]} Qxd3 {[%emt 0:00:07]} 52. c8=Q {[%emt 0:00:00]} Qg6+ {[%emt 0:04:44]} 53. Kh2 {[%emt 0:00:00]} Qc2+ {[%emt 0:00:19]} 54. Qxc2+ 1-0

[Event "GER-chT Youth Countries 2018"]
[Site "Wurzburg"]
[Date "2018.10.04"]
[Round "3"]
[White "Ewert, Hannes"]
[Black "Niermann, Tristan"]
[Result "1/2-1/2"]
[WhiteElo "2314"]
[BlackElo "2307"]
[Annotator "TA"]
[PlyCount "43"]
[EventDate "2018.10.03"]
[EventType "team-tourn"]
[EventCountry "GER"]
[SourceTitle "playchess.com"]
[Source "ChessBase"]
[SourceQuality "1"]

{[%evp 23,43,34,49,45,44,46,52,35,42,37,43,43,69,49,51,53,56,33,60,50,68,11]} 1. d4 d5 2. c4 c6 3. cxd5 cxd5 4. Nc3 Nf6 5. Bf4 Nc6 6. e3 Bf5 7. Qb3 Na5 8. Qa4+ {D10: Slav Defence: 3 cxd5 (without early Nf3) and 3 Nc3} Bd7 9. Qc2 e6 10. Bd3 Rc8 11. Nf3 Nc6 $146 ({Predecessor:} 11... Be7 12. h3 O-O 13. O-O h6 14. Qe2 a6 15. Rac1 Nc6 {1-0 (50) Khenkin,I (2617)-Milov,L (2523) Wiesbaden 2013}) 12. a3 Be7 {LiveBook: 4 Games. White is slightly better.} 13. h3 a6 14. O-O h6 15. Rac1 O-O 16. Qe2 Nh5 17. Bh2 f5 18. Ne5 Nxe5 19. Bxe5 Nf6 20. Rc2 Qa5 21. Rfc1 Rc6 22. Nb1 ({White should play} 22. g4 $14) 1/2-1/2

[Event "GER-chT Youth Countries 2018"]
[Site "Wurzburg"]
[Date "2018.10.04"]
[Round "3"]
[White "Neukirchner, Pascal"]
[Black "Kololli, Martin"]
[Result "1/2-1/2"]
[WhiteElo "2294"]
[BlackElo "2331"]
[Annotator "TA"]
[PlyCount "69"]
[EventDate "2018.10.03"]
[EventType "team-tourn"]
[EventCountry "GER"]
[SourceTitle "playchess.com"]
[Source "ChessBase"]
[SourceQuality "1"]

{[%evp 23,69,52,64,76,70,72,85,33,34,21,24,20,24,10,43,28,20,29,62,67,61,62,50,22,22,22,22,19,23,23,23,0,0,0,0,0,23,0,13,0,12,0,0,0,0,0,0,0]} 1. d4 Nf6 2. c4 e6 3. g3 Be7 4. Bg2 d5 5. Nf3 O-O 6. O-O c5 7. cxd5 exd5 8. dxc5 Bxc5 9. Nc3 Nc6 10. a3 Re8 11. b4 Bb6 12. Bb2 Bg4 13. Na4 {D30: Queen's Gambit Declined: Systems without Nc3} (13. Rc1 h6 14. Na4 Qe7 15. Nxb6 axb6 16. Re1 Rad8 17. Qd3 Bxf3 18. Qxf3 Ne5 19. Qf4 Nc4 20. Bxf6 Qxf6 21. Qxf6 gxf6 22. Bxd5 Nxa3 23. Bxb7 {1-0 (46) Bacrot,E (2692)-Berelowitsch,A (2521) Germany 2016}) 13... Ne4 14. Nxb6 Qxb6 15. Qd3 ({White should try} 15. Qxd5 $16 Rad8 16. Qc4) 15... Rad8 $14 16. Rad1 $146 ({Predecessor:} 16. Rac1 h6 17. Bd4 Nxd4 18. Nxd4 Bd7 19. e3 a6 20. Qc2 Rc8 {1-0 (47) Ladva,O (2321)-Tomici,S (2213) Budva 2013}) 16... a6 17. Bd4 Qc7 18. Be3 Bxf3 19. Bxf3 Ne5 20. Bf4 Qe7 21. Bxe5 Qxe5 22. Bxe4 (22. Qd4 {looks sharper.} Qf5 23. h4 f6 24. Rc1 Rd7 25. Rfd1) 22... Qxe4 23. Qxe4 (23. e3 {keeps more tension.} d4 24. exd4 Qd5 25. Rfe1 g6 26. Re3) 23... dxe4 24. Rxd8 Rxd8 {[%mdl 4096] Endgame KR-KR} 25. Rc1 Kf8 26. g4 g6 27. Kg2 Rd2 28. e3 Ra2 29. Rc3 g5 30. Kg3 h6 {The position is equal.} 31. h3 Kg7 32. f3 exf3 33. Kxf3 Rh2 34. Kg3 Rd2 35. Kf3 {Precision: White = 56%, Black = 51%.} 1/2-1/2

[Event "GER-chT Youth Countries 2018"]
[Site "Wurzburg"]
[Date "2018.10.04"]
[Round "3"]
[White "Svane, Frederik"]
[Black "Krastev, Alexander"]
[Result "0-1"]
[WhiteElo "2287"]
[BlackElo "2298"]
[Annotator "TA"]
[PlyCount "62"]
[EventDate "2018.10.03"]
[EventType "team-tourn"]
[EventCountry "GER"]
[SourceTitle "playchess.com"]
[Source "ChessBase"]
[SourceQuality "1"]

{[%evp 20,62,16,10,19,5,39,14,12,0,2,-117,-130,-130,-125,-110,-72,-184,-177,-222,-227,-280,-268,-529,-549,-629,-639,-614,-607,-862,-860,-835,-849,-949,-922,-965,-888,-973,-954,-1156,-1145,-1270,-1317,-1430,-1420]} 1. e4 c5 2. Nf3 g6 3. d4 cxd4 4. Nxd4 Bg7 5. Nc3 Nc6 6. Nb3 Nf6 7. Be2 O-O 8. O-O d6 9. Bg5 Be6 10. f4 a5 11. a4 {LiveBook: 48 Games} Nd7 {[%cal Bf6d7,Bd7b6,Bb6c4,Bc4b2][%mdl 32] B70: Sicilian Dragon: 6 g3 and 6 Be2 (without a later Be3)} 12. Bb5 $146 ({Predecessor:} 12. Kh1 Bxb3 13. cxb3 Nc5 14. Bc4 Bxc3 15. bxc3 Nxe4 16. Bh6 Nf6 17. Bxf8 Kxf8 18. Qf3 Qd7 19. Rad1 {0-1 (62) Savanovic,A (2435)-Velimirovic,D (2535) Vrnjacka Banja 1998}) 12... Nb6 13. Re1 Nc4 {The position is equal.} 14. Nd5 Nxb2 15. Qc1 (15. Qd2 $1 $11 {remains equal.} Bxd5 16. exd5 Qb6+ 17. Kh1) 15... Bxd5 $17 16. exd5 Qb6+ 17. Kh1 {[#]} Nb4 $1 $36 {[%cal Bc6b4,Bb4a2,Ba2c3][%mdl 2080] And now ...Rfc8 would win. White is under strong pressure.} 18. Rb1 (18. f5 $17) 18... Na2 $19 19. Qd2 Nc3 20. Rxb2 Nxb5 21. axb5 $2 (21. Ra2 Nc3 22. Raa1) 21... Bxb2 {Black is clearly winning.} 22. c3 a4 23. Qxb2 Qxb5 24. Bh6 {[#] Threatens to win with c4.} Qxb3 25. Qa1 Rfe8 26. c4 f6 {[%cal Bf7f6,Bf6g5][%mdl 32]} 27. Qd4 Qc2 28. Qe3 Qf5 29. Qa3 Qh5 30. Bg5 fxg5 31. Qe3 Qg4 {Precision: White = 11%, Black = 71%.} 0-1

[Event "GER-chT Youth Countries 2018"]
[Site "Wurzburg"]
[Date "2018.10.04"]
[Round "3"]
[White "Bluhm, Sonja Maria"]
[Black "Kopylov, Daniel"]
[Result "1-0"]
[WhiteElo "2281"]
[BlackElo "2192"]
[Annotator "NA"]
[PlyCount "99"]
[EventDate "2018.10.03"]
[EventType "team-tourn"]
[EventCountry "GER"]
[SourceTitle "playchess.com"]
[Source "ChessBase"]
[SourceQuality "1"]
[TimeControl "40/5400+30:1800+30"]

1. d4 {[%emt 0:00:00]} d5 {[%emt 0:00:17]} 2. Bf4 {[%emt 0:00:00]} Nf6 {[%emt 0:00:35]} 3. e3 {[%emt 0:00:00]} Bf5 {[%emt 0:00:49]} 4. c3 {[%emt 0:00:17]} e6 {[%emt 0:00:31]} 5. Nd2 {[%emt 0:00:12]} Bd6 {[%emt 0:01:02]} 6. Bg3 {[%emt 0:00:37]} O-O {[%emt 0:02:50]} 7. Ngf3 {[%emt 0:00:07]} Nc6 {[%emt 0:02:03]} 8. Be2 {[%emt 0:02:07]} Re8 {[%emt 0:02:11]} 9. Bb5 {[%emt 0:08:54]} a6 {[%emt 0:02:09]} 10. Bxc6 {[%emt 0:04:35]} bxc6 {[%emt 0:00:07]} 11. Ne5 {[%emt 0:00:51]} c5 {[%emt 0:13:14]} 12. dxc5 {[%emt 0:11:59]} Bxe5 {[%emt 0:02:21]} 13. Bxe5 {[%emt 0:00:12]} Nd7 {[%emt 0:00:16]} 14. Bg3 {[%emt 0:10:24]} Nxc5 {[%emt 0:03:21]} 15. O-O {[%emt 0:00:19]} Bd3 {[%emt 0:01:28]} 16. Re1 {[%emt 0:00:21]} Bg6 {[%emt 0:00:51]} 17. Nf3 {[%emt 0:15:11]} Rb8 {[%emt 0:09:12]} 18. Re2 {[%emt 0:04:23]} Bh5 {[%emt 0:03:04]} 19. Qd4 {[%emt 0:02:29]} Ne4 {[%emt 0:04:12]} 20. Rc2 {[%emt 0:03:35]} Bxf3 {[%emt 0:09:53]} 21. gxf3 {[%emt 0:00:05]} e5 {[%emt 0:00:33]} 22. Qd1 {[%emt 0:14:38]} Ng5 {[%emt 0:02:38]} 23. h4 {[%emt 0:00:51]} Ne6 {[%emt 0:01:39]} 24. Rd2 {[%emt 0:00:43] [#]} d4 $1 {[%emt 0:08:44]} 25. cxd4 {[%emt 0:02:43]} exd4 {[%emt 0:00:17]} 26. exd4 {[%emt 0:00:23]} Qd5 {[%emt 0:02:25]} 27. Rc1 {[%emt 0:03:12]} Re7 {[%emt 0:01:31]} 28. Rc3 {[%emt 0:05:28]} Rd7 {[%emt 0:09:40]} 29. Rcd3 {[%emt 0:01:52]} Rbd8 {[%emt 0:01:27]} 30. Kg2 {[%emt 0:00:46]} Qxa2 $2 {[%emt 0:03:57] [#]} (30... a5 $11) 31. d5 $1 {[%emt 0:00:44]} Nf8 {[%emt 0:03:01] [#]} 32. d6 {[%emt 0:02:09]} (32. Ra3 $1 $16 {[%cal Ra3a2]} Qc4 33. Rc3) 32... cxd6 {[%emt 0:00:47]} 33. Rxd6 {[%emt 0:00:29]} Rxd6 {[%emt 0:04:47]} 34. Rxd6 {[%emt 0:01:23]} Re8 {[%emt 0:01:47]} ({Black should play} 34... Rxd6 $11 35. Qxd6 Qxb2) 35. Rd8 {[%emt 0:01:49]} Qe6 {[%emt 0:00:31]} 36. Rxe8 {[%emt 0:00:29]} Qxe8 {[%emt 0:00:06]} 37. Qd6 {[%emt 0:00:56]} Qa8 {[%emt 0:01:20]} 38. b4 {[%emt 0:01:11]} h6 {[%emt 0:01:28]} 39. Qb6 {[%emt 0:00:23]} Ne6 {[%emt 0:00:37]} 40. Bd6 {[%emt 0:01:56] [#]} (40. Bb8 $11 {bleibt in der Remisbreite.}) 40... Qd5 $1 {[%emt 0:01:41]} 41. Bg3 {[%emt 0:06:13]} Qc4 {[%emt 0:02:39]} ({Black should try} 41... Nd4 $17 42. Qb8+ Kh7) 42. Qb7 {[%emt 0:00:54]} Nd4 {[%emt 0:07:37]} 43. Qe4 {[%emt 0:04:14]} f5 {[%emt 0:03:50]} 44. Qb7 {[%emt 0:03:28]} (44. Qe8+ $11 Kh7 45. Qd7) 44... Qc6 $11 {[%emt 0:05:32]} 45. Qb8+ {[%emt 0:02:15]} Kh7 {[%emt 0:00:26]} 46. Qf4 {[%emt 0:00:26]} Qd5 {[%emt 0:01:16]} 47. Qe3 {[%emt 0:01:11]} Nc2 {[%emt 0:02:27]} 48. Qe7 {[%emt 0:01:58]} Qd2 {[%emt 0:04:49]} 49. Be5 {[%emt 0:01:46]} Ne3+ {[%emt 0:05:59]} 50. Kh3 {[%emt 0:00:31]} 1-0

[Event "GER-chT Youth Countries 2018"]
[Site "Wurzburg"]
[Date "2018.10.04"]
[Round "3"]
[White "Faerber, David"]
[Black "Oberhofer, Cedric"]
[Result "1/2-1/2"]
[WhiteElo "2279"]
[BlackElo "2213"]
[Annotator "TA"]
[PlyCount "111"]
[EventDate "2018.10.03"]
[EventType "team-tourn"]
[EventCountry "GER"]
[SourceTitle "playchess.com"]
[Source "ChessBase"]
[SourceQuality "1"]

{[%evp 14,111,29,18,12,12,25,18,13,14,18,0,0,-2,27,23,21,18,22,27,26,18,10,9,8,8,18,10,20,14,19,11,29,25,24,26,26,0,18,0,0,0,0,0,0,0,0,0,0,0,0,0,0,0,0,0,0,0,0,0,0,0,0,0,0,0,0,0,0,0,0,0,0,0,0,0,0,0,0,0,0,0,0,0,0,0,0,0,0,0,0,0,0,0,0,0,0,0,0,0]} 1. e4 c5 2. Nc3 Nc6 3. Nf3 {[%cal Bg1f3,Bf3d2,Bd2f1,Bf1e3][%mdl 32]} e5 4. Bc4 Be7 5. d3 d6 6. Nd2 Bg5 7. Nf1 Bxc1 {B30: Sicilian: 2...Nc6 3 Bb5, lines without ...g6} 8. Qxc1 {LiveBook: 6 Games} (8. Rxc1 Nge7 9. Ne3 O-O 10. O-O Ng6 11. Ncd5 Be6 12. c3 Na5 13. Nf5 Kh8 14. g3 Qd7 15. Nde3 {1-0 (96) Vachier Lagrave,M (2722)-Carlsen,M (2821) Biel 2011}) 8... Be6 9. Ne3 Nge7 10. O-O O-O 11. a3 $146 ({Predecessor:} 11. Ned5 a6 12. a4 Nb4 13. a5 Nec6 14. f4 Bxd5 15. Bxd5 exf4 16. Bxc6 Nxc6 17. Qxf4 {½-½ (30) Brodsky,M (2512)-Solodovnichenko,Y (2436) Bydgoszcz 1999}) 11... a6 12. f4 exf4 13. Rxf4 Ne5 14. Bd5 Bxd5 15. Ncxd5 Nxd5 16. Nxd5 Ng6 17. Rf5 Ne7 18. Nxe7+ Qxe7 19. Qf4 Rad8 20. Rf1 Qe6 21. Rd5 Rfe8 22. c4 b5 23. cxb5 axb5 24. b4 f6 25. Rc1 Qe7 {The position is equal.} 26. Qe3 {[%cal Rb4c5]} Qb7 {[#] aiming for ...Qxd5!} 27. Qf2 cxb4 28. axb4 Re5 29. Qa2 Rxd5 30. Qxd5+ Qxd5 31. exd5 $11 {[%mdl 4096] Endgame KR-KR} Ra8 32. Rc6 Ra4 33. Rxd6 Rxb4 34. Rb6 Rd4 35. Rxb5 Rxd3 36. Kf2 h5 37. Ke2 Rd4 38. Ke3 Rd1 39. h3 Kf7 40. Rb7+ Kf8 41. Rd7 Ke8 42. Rxg7 {[#] Strongly threatening Ke4.} Rxd5 43. Ke4 Re5+ 44. Kf4 Kf8 45. Rb7 Rg5 46. g3 Kg8 47. h4 Rc5 48. Rd7 Re5 49. Ra7 Rc5 50. Re7 Kf8 51. Rd7 Re5 52. Rc7 Kg8 53. Kf3 Kf8 54. Rb7 Kg8 55. Kf4 Kf8 56. Rc7 {Precision: White = 54%, Black = 81%.} 1/2-1/2

[Event "GER-chT Youth Countries 2018"]
[Site "Wurzburg"]
[Date "2018.10.04"]
[Round "3"]
[White "Pallas, Sebastian"]
[Black "Joeres, Stefan"]
[Result "1-0"]
[WhiteElo "2278"]
[BlackElo "2043"]
[Annotator "TA"]
[PlyCount "79"]
[EventDate "2018.10.03"]
[EventType "team-tourn"]
[EventCountry "GER"]
[SourceTitle "playchess.com"]
[Source "ChessBase"]
[SourceQuality "1"]

{[%evp 20,79,51,-11,13,10,12,0,0,0,15,18,17,20,19,0,0,0,0,-6,0,0,-1,-36,-39,-29,-15,-15,-8,-15,-7,-7,-7,0,0,0,0,0,0,0,2,0,-1,-1,0,0,0,0,0,0,0,0,100,161,450,436,5716,5689,9368,10187,29966,29967]} 1. e4 c5 2. Nf3 Nc6 3. d4 cxd4 4. Nxd4 g6 5. c4 Nf6 6. Nc3 Nxd4 7. Qxd4 d6 8. Be2 Bg7 9. Be3 O-O 10. Qd2 Be6 11. Bh6 ({Günstiger ist} 11. O-O $14) 11... Qa5 {Schwarz will ...Lxh6 spielen. B36: Sizilianisch (Maroczy-Aufbau)} (11... Bxh6 12. Qxh6 Qa5 13. O-O Qb4 14. Qd2 Bxc4 15. Qd4 Rfc8 16. Rfd1 Qc5 17. Bxc4 Qxc4 18. Qe3 Qc5 19. Qf4 {0-1 (77) Grill,B (2172)-Tuncer,U (2306) Wuerttemberg 2008}) 12. Bxg7 Kxg7 13. O-O Rfc8 {Die Stellung ist ausgeglichen.} 14. Qd4 $1 Qc5 (14... a6 {seems wilder.} 15. b3 b5 16. Nd5 Bxd5 17. exd5 bxc4 18. Bxc4 Qc5) 15. Qxc5 Rxc5 16. b3 a6 17. Na4 Rc7 18. Nb6 $146 ({Vorgänger:} 18. Bd3 b5 19. cxb5 axb5 20. Bxb5 Nxe4 {1-0 (43) Marjanovics,G (2116)-Schatzer,A (1782) Budapest 2013}) 18... Rb8 19. Bf3 Nd7 20. Nxd7 Bxd7 21. Be2 b5 22. f3 Be6 {[%cal Rb5c4]} 23. cxb5 axb5 24. Rfc1 Ra7 25. a4 bxa4 26. bxa4 Rb2 27. Bb5 Bd7 28. Rcb1 Rxb1+ 29. Rxb1 $11 {[%mdl 4096] Endspiel KTL-KTL} Kf6 30. Kf2 Bxb5 31. axb5 {KT-KT} Ke5 32. b6 Rb7 33. Ke3 Ke6 $1 34. Kd4 {Kc4 ist eine echte Drohung.} Kd7 $1 35. e5 dxe5+ {[#]} (35... Kc6 $11) 36. Kc5 $1 $16 f5 $2 (36... Rb8) 37. Rd1+ $18 Kc8 {[#]} (37... Ke6 $142 38. Kc6 Rb8) 38. Kc6 $1 e4 39. fxe4 fxe4 40. Rf1 {Precision: Weiß = 79%, Schwarz = 36%.} 1-0

[Event "GER-chT Youth Countries 2018"]
[Site "Wurzburg"]
[Date "2018.10.04"]
[Round "3"]
[White "Herbrig, Alexander"]
[Black "Pfreundt, Jakob"]
[Result "1/2-1/2"]
[WhiteElo "2277"]
[BlackElo "2358"]
[Annotator "TA"]
[PlyCount "82"]
[EventDate "2018.10.03"]
[EventType "team-tourn"]
[EventCountry "GER"]
[SourceTitle "playchess.com"]
[Source "ChessBase"]
[SourceQuality "1"]

{[%evp 15,82,0,11,-33,-45,-32,-37,-32,-41,-84,-35,-44,-27,-33,-6,-26,-14,-65,-13,-14,-5,-49,-2,-21,-20,-14,0,0,0,-45,-39,-27,-15,-45,-31,-117,-135,-126,-100,-89,-62,-78,-71,-74,-70,-66,-60,-65,0,0,0,0,0,0,0,-62,-36,-46,-32,-52,0,0,0,0,0,0,0,0,0]} 1. e4 c5 2. Nf3 d6 3. d4 cxd4 4. Nxd4 Nf6 5. Nc3 Nc6 6. Be3 Ng4 7. Nxc6 bxc6 8. Bc1 Qb6 {[%csl Gg4][%cal Rb6f2] [#] LiveBook: 5 Games} 9. Qf3 {B56: Classical Sicilian: Unusual Lines} (9. Qd2 g6 10. h3 Bh6 11. f4 Nf6 12. g4 Bg7 13. Qe3 h5 14. Bg2 Bb7 15. g5 Nd7 16. Ne2 Ba6 {0-1 (29) Al Hageri,B (2184)-Tillyaev,U (2310) Batumi 2017}) 9... g6 10. h3 Ne5 11. Qg3 {Black is slightly better.} Bg7 12. Rb1 $146 ({Predecessor:} 12. f4 Nd7 13. Bd3 O-O 14. Bd2 a5 15. Nd1 Nc5 16. Rb1 f5 {0-1 (24) Leonhardt,W-Hay,T Perth 1963}) 12... Rb8 13. Be2 Ba6 14. O-O Bxe2 15. Nxe2 O-O 16. Bg5 (16. Nc3 $11) 16... Qa6 (16... Qb4 $15) 17. Nc3 $1 $11 f6 18. Be3 (18. Bd2 {feels hotter.} f5 19. exf5 Rxf5 20. b3 c5 21. Rbe1) 18... Nc4 (18... Qa5 {seems wilder.} 19. Bf4 f5 20. Bg5 Rb7 21. Rfe1 Nf7) 19. b3 (19. Bc1 {keeps more tension.} f5 20. exf5 Rxf5 21. Qd3 Rb6 22. Re1) 19... Nxe3 20. Qxe3 Qa5 21. Ne2 e5 22. c4 Qxa2 23. Rfd1 Rfd8 24. Qd3 Qa3 (24... Rb4 {is more complex.} 25. Nc1 Qa6 26. Qc2 Rbb8 27. b4 Qb7) 25. b4 (25. h4 $15) 25... Qxd3 $17 26. Rxd3 a6 27. Nc3 Kf7 28. b5 axb5 29. cxb5 cxb5 30. Rxb5 Bf8 31. g4 Rdc8 (31... Ke6 $15) 32. Rxb8 $11 Rxb8 {[%mdl 4096] Endgame KRB-KRN} 33. Nd5 Ke6 34. Rf3 Be7 35. Ra3 (35. Nc7+ $1 $11 Kf7 36. Nd5) 35... Rb7 36. Ne3 Bd8 37. Ra8 Rd7 ({Black should try} 37... Bb6 $15 38. Kg2 Bxe3 39. fxe3 Rg7) 38. Kg2 {The position is equal.} Bb6 39. Nd5 $1 {[%cal Rd5b6]} Bd8 40. Ne3 Bb6 41. Nd5 $1 {[%cal Rd5b6]} Bd8 {Precision: White = 55%, Black = 31%.} 1/2-1/2

[Event "GER-chT Youth Countries 2018"]
[Site "Wurzburg"]
[Date "2018.10.04"]
[Round "3"]
[White "Riehle, Marco"]
[Black "Sieber, Fiona"]
[Result "0-1"]
[WhiteElo "2265"]
[BlackElo "2246"]
[Annotator "TA"]
[PlyCount "100"]
[EventDate "2018.10.03"]
[EventType "team-tourn"]
[EventCountry "GER"]
[SourceTitle "playchess.com"]
[Source "ChessBase"]
[SourceQuality "1"]

{[%evp 19,100,35,33,0,0,0,3,-15,-4,-51,-29,-33,0,-95,-89,-94,-85,-96,-87,-85,-97,-167,-122,-124,-114,-129,-116,-102,-113,-115,-99,-104,-113,-103,-88,-326,-331,-527,-229,-246,-242,-243,-227,-237,-241,-212,-207,-345,-343,-310,-319,-477,-439,-441,-433,-400,-385,-428,-428,-395,-418,-401,-377,-486,-486,-486,-486,-485,-484,-486,-456,-477,-471,-460,-452,-421,-251,-251,-197,-573,-549,-539,-531]} 1. e4 c5 2. Nf3 d6 3. d4 cxd4 4. Nxd4 Nf6 5. f3 e5 6. Nb3 a5 {B55: Sicilian: 2...d6 3 d4 cxd4 4 Nxd4 Nf6 5 f3} 7. Be3 a4 8. N3d2 Nc6 9. c4 Qa5 10. Be2 Be7 {[%cal Bf8e7,Be7d8,Bd8b6][%mdl 32] LiveBook: 3 Games} 11. Na3 O-O 12. O-O Bd8 $146 ({Predecessor:} 12... Be6 13. Nb5 Bd8 14. Kh1 Bb6 15. Bg5 Nd7 16. Nxd6 {½-½ (41) Rublevsky,S (2676)-Gelfand,B (2736) Moscow 2007}) 13. Kh1 Bb6 14. c5 Bxc5 15. Ndc4 $1 {[%cal Rc4a5]} Qd8 16. Nb5 (16. Bxc5 $1 $11 dxc5 17. Qxd8 Rxd8 18. Nb6) 16... Bxe3 $17 17. Nxe3 Qb6 18. Qd2 Rd8 19. Bc4 Be6 {aiming for ...Bxc4.} 20. Nxd6 (20. Nc3 $17) 20... Qd4 21. Qxd4 exd4 22. Nef5 {[#]} Ne5 $1 $36 {[%cal Re5c4][%mdl 2048] Keeping White busy.} 23. Rac1 g6 24. Bxe6 fxe6 ({Much less strong is} 24... gxf5 25. Nxf7 Nxf7 26. Rc7 $11) 25. Nh6+ Kg7 26. f4 Nd3 27. Rcd1 $2 (27. Rc7+ $17 Rd7 28. Rxd7+ Nxd7 29. Ng4) 27... Rxd6 $19 28. e5 (28. Rxd3 $142 Rb6 29. g4) 28... Ne4 ({Weaker is} 28... Kxh6 29. Rxd3 Rd5 30. exf6 $11) (28... Nxb2 $142 29. Rb1 Rb6 30. exf6+ Kxh6) 29. Rxd3 Rd5 30. Ng4 {[#]} Rc8 $1 {Hoping for ...h5.} 31. Kg1 Rc2 32. Re1 Nc5 33. Rh3 (33. Ra3 $142) 33... h5 34. Nf6 Rd8 35. b4 (35. Rd1 $142 Rxb2 36. g4) 35... axb3 36. axb3 d3 37. Rd1 d2 {Strongly threatening ...Rc1.} 38. Kf1 Rc1 39. Ke2 Rxd1 40. Kxd1 {[%mdl 4096] Endgame KRN-KRN} Nd3 41. Ne8+ Kf8 {( -> ...Nf2+)} 42. Nd6 Nf2+ 43. Kxd2 {Black must now prevent Re3.} Nxh3 44. gxh3 {KR-KN} Ke7 45. Ke3 b6 46. Nc4 Rb8 47. b4 b5 (47... Rc8 $142 48. Kd4 Rf8) 48. Na3 Kd7 49. Nc2 $2 (49. h4 {nothing else works.}) 49... Rc8 50. Nd4 Rc3+ {Precision: White = 39%, Black = 74%.} 0-1